[Event "Stuttgart-chB int"]
[Site "Ditzingen"]
[Date "2006.05.28"]
[Round "7"]
[White "Heidtfeld, Dirk"]
[Black "Steiert, Roland"]
[Result "1/2-1/2"]
[WhiteElo "1805"]
[BlackElo "1707"]
[PlyCount "43"]
[EventDate "2006.05.25"]
[EventType "swiss"]
[EventRounds "7"]
[EventCountry "GER"]
[SourceTitle "EXT 2018"]
[Source "ChessBase"]
[SourceDate "2017.10.13"]
[SourceVersion "1"]
[SourceVersionDate "2017.10.13"]
[SourceQuality "1"]

1. d4 f5 2. c4 Nf6 3. Nc3 b6 4. Nf3 Bb7 5. g3 g6 6. Bg2 Bg7 7. 0-0 0-0 8. Qc2 d6 9. Ng5 Bxg2 10. Kxg2 Qd7 11. d5 Rc8 12. Ne6 c6 13. Qd3 Bh8 14. f3 Na6 15. Bh6 Nc7 16. Nxc7 Rxc7 17. Rfd1 Rd8 18. dxc6 Qxc6 19. b3 Ng4 20. Qd5+ Qxd5 21. Nxd5 Nxh6 22. Nxc7 1/2-1/2

[Event "Stuttgart-chB int"]
[Site "Ditzingen"]
[Date "2006.05.26"]
[Round "4"]
[White "Michna, Marcus"]
[Black "Heidtfeld, Dirk"]
[Result "0-1"]
[WhiteElo "1564"]
[BlackElo "1805"]
[PlyCount "66"]
[EventDate "2006.05.25"]
[EventType "swiss"]
[EventRounds "7"]
[EventCountry "GER"]
[SourceTitle "EXT 2018"]
[Source "ChessBase"]
[SourceDate "2017.10.13"]
[SourceVersion "1"]
[SourceVersionDate "2017.10.13"]
[SourceQuality "1"]

1. d4 d5 2. e4 c6 3. Nd2 dxe4 4. Nxe4 Nf6 5. Nxf6+ gxf6 6. c4 Bf5 7. Nf3 e6 8. Bd3 Bxd3 9. Qxd3 Na6 10. a3 Qd7 11. Be3 0-0-0 12. Rd1 c5 13. Ke2 f5 14. Bg5 Be7 15. Bxe7 Qxe7 16. Qe3 Rhg8 17. g3 Rg4 18. Qc3 Re4+ 19. Kf1 Qf6 20. Kg2 cxd4 21. Qa5 d3 22. b4 Rxc4 23. Rc1 Rc2 24. b5 Rd5 25. Qa4 Nc7 26. Qxa7 Nxb5 27. Qa8+ Kc7 28. Rb1 Qd8 29. Qa5+ b6 30. Qa4 Nc3 31. Qa7+ Kc6 32. Rb4 Ne4 33. Qa4+ Kb7 0-1

[Event "Stuttgart-chB int"]
[Site "Ditzingen"]
[Date "2006.05.25"]
[Round "1"]
[White "Heidtfeld, Dirk"]
[Black "Hamm, Lukas"]
[Result "1-0"]
[WhiteElo "1805"]
[BlackElo "1389"]
[PlyCount "83"]
[EventDate "2006.05.25"]
[EventType "swiss"]
[EventRounds "7"]
[EventCountry "GER"]
[SourceTitle "EXT 2018"]
[Source "ChessBase"]
[SourceDate "2017.10.13"]
[SourceVersion "1"]
[SourceVersionDate "2017.10.13"]
[SourceQuality "1"]

1. d4 d5 2. Nf3 Nf6 3. c4 e6 4. Nc3 Nbd7 5. Bg5 c6 6. e3 Qa5 7. cxd5 Nxd5 8. Qd2 Bb4 9. Rc1 N7b6 10. e4 Nf6 11. Bxf6 gxf6 12. Be2 Bd7 13. 0-0 0-0-0 14. a3 Bxc3 15. Rxc3 Na4 16. b4 Qc7 17. Rc2 Kb8 18. Rb1 Qd6 19. b5 Rhg8 20. e5 fxe5 21. Nxe5 Rc8 22. Nxd7+ Qxd7 23. bxc6 Rxc6 24. Rxc6 Qxc6 25. Qf4+ Qc7 26. Qxc7+ Kxc7 27. Bf3 b6 28. Rb4 b5 29. Rxb5 Nb6 30. Rh5 Rh8 31. Rh6 Kd6 32. Be4 Rc8 33. g3 f5 34. Bxf5 Re8 35. Be4 Nc4 36. Rxh7 Nxa3 37. Rxa7 Nb5 38. Ra6+ Ke7 39. Bc6 Rb8 40. Bxb5 Rxb5 41. Ra4 Kf6 42. h4 1-0